000 01219nam a2200325 a 4500
001 000115651
003 CHAP
005 20220329144543.0
008 190618s2018 mx | |sm |||||||spa d
010 _a112112
011 _a113084
040 _cCHAP
090 _aTesis
100 1 _aDíaz Hernández, Angeles Paola.
_9136171
245 1 0 _aEvolución e importancia del sistema de protección y ahorro para el retiro y su impacto en las futuras generaciones
_h[En línea]
_cpor Angeles Paola Díaz Hernández.
260 _aChapingo, Méx. :
_bEl autor,
_c2018.
500 _aPara ver el contenido del material haga clic en la liga
502 _aTesis (Licenciado en Economía Agrícola) -- UACH División de Ciencias Economico Administrativas
590 _aBATCH-UPD
_b05
_c20190618
_lUCH01
_h1553
590 _aE6337LMJ
_b05
_c20190618
_lUCH01
_h1552
590 _aE6337LMJ
_b05
_c20190618
_lUCH01
_h1552
650 1 4 _aAhorro e inversión.
_93105
650 1 4 _aFinanzas
_xEvaluación.
_940940
650 1 4 _aPensiones a la vejez.
_9124689
650 1 4 _aSeguridad social.
_9103676
856 _aFinding aid
_uhttp://10.13.5.2/tesis/sist115651.pdf
_zTeclea aquí
901 _aBK
942 _cTESIS
942 _n0
999 _c112112
_d112112